| 000 | 00693nam a22001937a 4500 | ||
|---|---|---|---|
| 008 | 160920b xxu||||| |||| 00| 0 eng d | ||
| 020 | _a094463429-x | ||
| 020 | _a9780944634486 | ||
| 050 |
_aLB3012.2 _b.F39 1995 |
||
| 100 | _aFay, Jim | ||
| 245 |
_aTeaching with love & logic : _btaking control of the classroom/ _cJim Fay and David Funk. |
||
| 260 |
_aUnited States of America : _bThe love and logic press , _cc1995. |
||
| 300 |
_axv, 399p. : _bill. ; |
||
| 500 | _aIncludes bibliography and index. | ||
| 650 |
_aSchool discipline _xUnited States. |
||
| 650 |
_aClassroom management _xUnited States. |
||
| 700 | _aFunk, David | ||
| 942 |
_2lcc _cBOOKS _hLB3012.2 .F39 1995 _01 |
||
| 999 |
_c13843 _d13843 |
||